| 000 -LEADER |
| fixed length control field |
00972nam a22002177a 4500 |
| 005 - DATE AND TIME OF LATEST TRANSACTION |
| control field |
20250918181432.0 |
| 008 - FIXED-LENGTH DATA ELEMENTS--GENERAL INFORMATION |
| fixed length control field |
250918s2002 gw ||||| |||| 00| 0 goh d |
| 020 ## - INTERNATIONAL STANDARD BOOK NUMBER |
| International Standard Book Number |
3468490267 |
| 041 ## - LANGUAGE CODE |
| Language code of text/sound track or separate title |
goh |
| 080 ## - UNIVERSAL DECIMAL CLASSIFICATION NUMBER |
| Universal Decimal Classification number |
81'374(038)=112.2 L-22 |
| 245 ## - TITLE STATEMENT |
| Title |
Langenscheidts Groworterbuch Deutsch als Fremdsprache : |
| Remainder of title |
das einsprachige Wörterbuch für alle, die Deutsch lernen : in der neuen deutschen Rechtschreibung / |
| Statement of responsibility, etc. |
Hrsg.: Dieter Gotz, Gunther Haensch, Hans Wellmann ; In Zusammenarbeit mit der Langenscheidt-Redaktion Leitende Red.: Vincent J. Docherty, Gunther Jehle. |
| 264 ## - PRODUCTION, PUBLICATION, DISTRIBUTION, MANUFACTURE, AND COPYRIGHT NOTICE |
| Place of production, publication, distribution, manufacture |
Berlin : |
| Name of producer, publisher, distributor, manufacturer |
Langenscheidt, |
| Date of production, publication, distribution, manufacture, or copyright notice |
2002. |
| 300 ## - PHYSICAL DESCRIPTION |
| Extent |
1216 p. : |
| Other physical details |
ill. ; |
| Dimensions |
22 cm. |
| 653 ## - INDEX TERM--UNCONTROLLED |
| keyword |
გერმანული ენა |
| 653 ## - INDEX TERM--UNCONTROLLED |
| keyword |
ლექსიკონი |
| 700 ## - ADDED ENTRY--PERSONAL NAME |
| Personal name |
Gotz, Dieter |
| 9 (RLIN) |
25840 |
| 700 ## - ADDED ENTRY--PERSONAL NAME |
| Personal name |
Haensch, Gunther |
| 9 (RLIN) |
25841 |
| 700 ## - ADDED ENTRY--PERSONAL NAME |
| Personal name |
Wellmann, Hans |
| 9 (RLIN) |
25842 |
| 700 ## - ADDED ENTRY--PERSONAL NAME |
| Personal name |
Docherty, Vincent J. |
| Relator term |
რედაქტორი |
| 9 (RLIN) |
25843 |
| 942 ## - ADDED ENTRY ELEMENTS (KOHA) |
| Source of classification or shelving scheme |
|
| Koha item type |
წიგნი |